Largest African Countries per Letter Minefield Quiz Stats

 Plays Quiz Updated Jul 6, 2018

Score 0/16 Timer 06:00
0 Plays Today
Letter Country % Correct
A???
78.4%
D???
59.1%
C???
47.5%
E???
45.1%
S???
41%
L???
40.3%
K???
40.1%
N???
39.5%
Letter Country % Correct
B???
38.8%
Z???
37.8%
U???
36.9%
M???
31.3%
T???
30.9%
R???
18.7%
G???
18.1%
Mines???
9%

You're not logged in!

Compare scores with friends on all Sporcle quizzes.
OR
Log In

You Might Also Like...

Show Comments

Extras

Top Quizzes Today


Score Distribution

Your Account Isn't Verified!

In order to create a playlist on Sporcle, you need to verify the email address you used during registration. Go to your Sporcle Settings to finish the process.

Report this User

Report this user for behavior that violates our Community Guidelines.

Details: